| 000 | 00467nam a2200193Ia 4500 | ||
|---|---|---|---|
| 999 |
_c776 _d776 |
||
| 003 | 0100 | ||
| 008 | 130227s9999 xx 000 0 und d | ||
| 040 | _cARRUPELIB | ||
| 050 | _aPR9390.9.P19C7 2000 | ||
| 100 |
_aPanga, George Chaula _929256 |
||
| 245 | _aCrying over spilt milk | ||
| 260 | _aHarare, Zimbabwe | ||
| 260 |
_bBenaby Printing and Publishing (Pvt) Ltd. _c2000 |
||
| 300 | _a72p. | ||
| 300 | _b 22cm. | ||
| 650 |
_bObjectivity _929257 |
||
| 942 |
_2lcc _cMONOGRAPH |
||